000 00739nam a2200241 a 4500
001 000048749
003 DO-SdBNP
005 20240412074307.0
007 ta
008 190326s 2016 dr 000 0 spa d
020 _a9789945893441
040 _aDO-SdBNP
_bspa
_cBNPHU
082 4 _aRD861.44
_bR789s
_222
100 1 _aRosario, Bergson
_91182
245 1 0 _aSosegados alaridos en el silencio :
_bantología poética /
_cBergson Rosario.
260 _aSanto Domingo :
_bCiliya,
_c2016.
300 _a267 p. ;
_c22 cm.
500 _aIncluye datos biográficos del autor en la solapa de la cubierta.
590 _aInventariado, 2019/ YL
650 4 _aPoesía dominicana
_966
650 0 _aLiteratura dominicana.
_967
942 _2ddc
_cLBS1
999 _c48237
_d48237